La cobertura vegetal del Municipio de Villa de Leyva: (Registro nro. 17430)

Detalles MARC
000 -CABECERA
Campo de control 01057 a2200229 4500
005 - FECHA Y HORA DE LA ULTIMA TRANSACCION
Campo de control 20150414020002.0
008 - ELEMENTOS DE LONGITUD FIJA—INFORMACION GENERAL
Campo de control 150409b1999 ck il. | |||| 00| 0 spa d
040 ## - FUENTE DE CATALOGACIÓN
Agencia catalogadora original CO-BoIAVH
Agencia transcriptora CO-BoIAVH
041 ## - IDIOMA
Código de idioma para texto/pista de sonido o título separado Español
090 ## - CLASIFICACIÓN LOCAL
Colección IAVH
Consecutivo 00129
100 1# - ASIENTO PRINCIPAL--NOMBRE PERSONAL
Nombre personal Schütze Páez, Klaus
245 10 - MENCION DE TITULO
Título La cobertura vegetal del Municipio de Villa de Leyva:
Parte restante del título presentación power point
260 ## - PUBLICACION, DISTRIBUCION, ETC. (PIE DE IMPRENTA)
Lugar de publicación, distribución, etc. Villa de Leyva (Boyacá):
Nombre del editor, distribuidor, etc. INstituto de Investigación de Recursos Biológicos Alexander von Humboldt,
Fecha de publicación, distribución, etc. 1999.
300 ## - DESCRIPCION FISICA
Extensión 36 p.
Otros detalles físicos ilustraciones a color
Dimensiones 28 cm.
500 ## - NOTA GENERAL
Nota general Presentación power point
650 #4 - ASIENTO SECUNDARIO DE MATERIA - TERMINO TEMATICO
Término temático o nombre geográfico como elemento de entrada Cobertura vegetal
Subdivisión de forma seminarios, conferencias, etc.
650 #4 - ASIENTO SECUNDARIO DE MATERIA - TERMINO TEMATICO
Término temático o nombre geográfico como elemento de entrada Aves
Subdivisión de forma seminarios, conferencias, etc.
650 #4 - ASIENTO SECUNDARIO DE MATERIA - TERMINO TEMATICO
Término temático o nombre geográfico como elemento de entrada Plantas
Subdivisión de forma seminarios, conferencias, etc.
650 #4 - ASIENTO SECUNDARIO DE MATERIA - TERMINO TEMATICO
Término temático o nombre geográfico como elemento de entrada Vegetación
Subdivisión de forma seminarios, conferencias, etc.
773 0# - Item fuente:
Lugar, editorial y fecha de publicación Villa de Leyva (Boyacá) Instituto de Investigación̤ de Recursos Biológ̤icos Alexander von Humboldt 1999
Título La cobertura vegetal del Municipio de Villa de Leyva
942 ## - ELEMENTOS ADICIONALES (KOHA)
Sistema de clasificación Local
Tipo de ítem Informe Técnico
Koha issues (borrowed), all copies 1
Existencias
Withdrawn status Lost status Sistema de Clasificación Damaged status No para préstamo Colección Inventariado Ubicación Permanente Ubicación actual Fecha de adquisición Total Checkouts Número topográfico Inventario / Código de Barras Date last seen Date checked out Ejemplar Price effective from Forma de adquisición Tipo de material
    Local     Humboldt Inventariado 2017 Bogotá Bogotá 09/04/2015 1 IAVH-00129 003869 09/08/2024 13/04/2015 Ej. 2 09/04/2015 Institucional Informe Técnico